10 Most Famous Cities in Fiji on a Map - Statistics

General Stats
  • This quiz has been taken 137 times
  • The average score is 5 of 10
Answers on the Map
Answers color-coded by a green-red scale on the quiz's map according to % correct below.
 
Answer Stats
Wiki Monthly Views Cityquiz Mention Rate Population Answers % Correct
24.56K 20.33% 185.91K Suva
100%
7.77K 2.08% 71.05K Nadi
67%
3.37K 0.56% 71.57K Lautoka
56%
0.97K 1.88% 15.85K Ba
41%
1.14K 0.22% 10.51K Sigatoka
41%
1.68K 0.40% 26.60K Labasa
39%
0.80K 0.17% 57.88K Nausori
34%
1.35K 0.14% 6.83K Savusavu
33%
1.97K 0.16% 4.48K Levuka
31%
1.33K - 9.20K Nasinu
22%
No matching quizzes found
Score Distribution
Percent of People with Each Score
Percentile by Number Answered
Your Score History
You have not taken this quiz